| 000 | 01004cam a2200277 4500 | ||
|---|---|---|---|
| 008 | 090401t1990 xxu||||| |||| 00| 0 eng d | ||
| 020 | _a0419151400 | ||
| 035 | _a(Sirsi) u40280 | ||
| 041 | _aeng | ||
| 050 |
_a333.76 _c18 |
||
| 100 | _aBromley, Peter | ||
| 245 | _aCountryside management. | ||
| 260 |
_aLondon _bE. and F. N. Spon _c1990 |
||
| 300 |
_aix, 365p. _bill. _c23cm. |
||
| 350 | _a19.95 | ||
| 520 | _aAimed at land use consultants this text considers the management of the countryside and the legal framework before examinging the practical issues of countryside stewardship. | ||
| 650 | _aNATIONAL PARKS AND ACCESS TO THE COUNTRYSIDE ACT 1949 | ||
| 650 | _aCOUNTRYSIDE ACT 1968 | ||
| 650 | _aHIGHWAYS ACT 1980 | ||
| 650 | _aWILDLIFE AND COUNTRYSIDE ACT 1981 | ||
| 650 | _aWILDLIFE AND COUNTRYSIDE (AMENDMENT) ACT 1985 | ||
| 650 | _aAGRICULTURE ACT 1986 | ||
| 690 | _aPROPERTY-RURAL AND NATURAL ASSETS-RURAL AND NATURAL ASSET MANAGEMENT | ||
| 942 | _n0 | ||
| 948 | _c04/03/1997 | ||
| 999 |
_c90852 _d90852 |
||